[Event "GER-ch52 V04 email"]
[Site "GER email"]
[Date "2020.04.16"]
[Round "?"]
[White "Maetzig, Ralf"]
[Black "Dorer, Manfred"]
[Result "1/2-1/2"]
[WhiteElo "2340"]
[BlackElo "2391"]
[PlyCount "71"]
[EventDate "2020.??.??"]
[EventType "tourn (corr)"]
[EventRounds "10"]
[EventCountry "GER"]
[SourceTitle "Corr 2022"]
[Source "ChessBase"]
[SourceDate "2021.10.24"]
[SourceVersion "1"]
[SourceVersionDate "2021.10.24"]
[SourceQuality "1"]

1. d4 Nf6 2. c4 e6 3. Nf3 d5 4. Nc3 c6 5. Bg5 h6 6. Bh4 dxc4 7. e4 g5 8. Bg3 b5 9. Be2 Bb7 10. 0-0 Nbd7 11. Ne5 Bg7 12. Nxd7 Nxd7 13. Bd6 a6 14. e5 c5 15. d5 Nxe5 16. dxe6 Nd3 17. exf7+ Kxf7 18. Bxd3 cxd3 19. Qxd3 Qf6 20. Qg3 Rhe8 21. Bxc5 Qc6 22. Be3 Rad8 23. Rac1 Kg8 24. Na4 Qd5 25. Nc3 Qf7 26. h3 b4 27. Na4 Qxa2 28. Nc5 Bc6 29. h4 gxh4 30. Qg6 Qd5 31. Bxh6 Qxg2+ 32. Qxg2 Bxg2 33. Kxg2 Bxh6 34. Rc4 Re5 35. Nxa6 b3 36. Nc5 1/2-1/2

[Event "GER-ch50 final email"]
[Site "GER email"]
[Date "2020.04.12"]
[Round "?"]
[White "Maetzig, Ralf"]
[Black "Mihatsch, Thomas"]
[Result "1/2-1/2"]
[WhiteElo "2340"]
[BlackElo "2409"]
[PlyCount "83"]
[EventDate "2020.??.??"]
[EventType "tourn (corr)"]
[EventRounds "14"]
[EventCountry "GER"]
[SourceTitle "Corr 2022"]
[Source "ChessBase"]
[SourceDate "2021.10.24"]
[SourceVersion "1"]
[SourceVersionDate "2021.10.24"]
[SourceQuality "1"]

1. d4 Nf6 2. c4 e6 3. Nf3 b6 4. g3 Ba6 5. Qc2 c5 6. d5 exd5 7. cxd5 Bb7 8. Bg2 Nxd5 9. 0-0 Nc6 10. Rd1 Be7 11. Qa4 Nf6 12. Nh4 0-0 13. Nf5 d5 14. Nc3 Nd4 15. Nxd4 cxd4 16. Qxd4 Bc5 17. Qa4 Qc8 18. Nxd5 Nxd5 19. Bxd5 Bxd5 20. Rxd5 Qe6 21. Qd1 Qf6 22. Bf4 Qxb2 23. Be5 Qb4 24. Qd3 Rfe8 25. Rd1 h6 26. e3 Rac8 27. Qf5 Qc4 28. Rd7 Qe6 29. Qxe6 Rxe6 30. R1d5 Rce8 31. Bc3 R6e7 32. Kf1 f6 33. Ke2 Kf7 34. h3 Ke6 35. Rxe7+ Bxe7 36. e4 Rc8 37. Kd3 g6 38. g4 Bd6 39. a4 Be5 40. Bxe5 fxe5 41. a5 Rc1 42. axb6 1/2-1/2

[Event "GER-ch50 final email"]
[Site "GER email"]
[Date "2020.04.12"]
[Round "?"]
[White "Maetzig, Ralf"]
[Black "Seelig, Juergen"]
[Result "1/2-1/2"]
[WhiteElo "2340"]
[BlackElo "2362"]
[PlyCount "121"]
[EventDate "2020.??.??"]
[EventType "tourn (corr)"]
[EventRounds "14"]
[EventCountry "GER"]
[SourceTitle "Corr 2022"]
[Source "ChessBase"]
[SourceDate "2021.10.24"]
[SourceVersion "1"]
[SourceVersionDate "2021.10.24"]
[SourceQuality "1"]

1. d4 d5 2. c4 dxc4 3. e4 e5 4. Nf3 exd4 5. Bxc4 Bb4+ 6. Nbd2 Nc6 7. 0-0 Nf6 8. e5 Nd5 9. Nb3 Nb6 10. Bg5 Be7 11. Bxe7 Qxe7 12. Bb5 Bd7 13. Rc1 0-0-0 14. Re1 d3 15. Qd2 a6 16. Bxd3 Kb8 17. Qf4 Be6 18. Nc5 Bd5 19. Be4 Ka7 20. Qe3 Rhe8 21. Qc3 Bxe4 22. Rxe4 f5 23. Ree1 Nd5 24. Qb3 Nb6 25. e6 Rd6 26. h3 g6 27. a4 Qg7 28. g3 Qf6 29. Qc2 Nb4 30. Qe2 N6d5 31. Qd2 Nc6 32. Nd7 Qd8 33. Rxc6 bxc6 34. Nc5 Qb8 35. Rc1 Qb6 36. Nd4 a5 37. Rc4 Ka8 38. Kg2 Nb4 39. Qc1 Qa7 40. h4 Nd5 41. Qd1 Nb6 42. Rc1 Nd5 43. Qd3 Nf6 44. Rc4 Ng4 45. Rc2 Qb6 46. Qd2 Ne5 47. Qc3 Qb4 48. Ndb3 Qxc3 49. Rxc3 Ng4 50. Rc2 Ne5 51. Rc3 Ng4 52. Nxa5 Rd2 53. Rf3 Rxb2 54. Na6 Ka7 55. Nxc7 Rc8 56. e7 Kb6 57. Nc4+ Kxc7 58. Nxb2 Re8 59. a5 Rxe7 60. Ra3 Kd6 61. Rd3+ 1/2-1/2

[Event "BdF-Diamant 10 email"]
[Site "GER email"]
[Date "2019.06.19"]
[Round "?"]
[White "Maetzig, Ralf"]
[Black "Sherwood, Helen"]
[Result "1-0"]
[WhiteElo "2311"]
[BlackElo "2341"]
[PlyCount "111"]
[EventDate "2019.??.??"]
[EventType "tourn (corr)"]
[EventRounds "10"]
[EventCountry "GER"]
[SourceTitle "Corr 2022"]
[Source "ChessBase"]
[SourceDate "2021.10.24"]
[SourceVersion "1"]
[SourceVersionDate "2021.10.24"]
[SourceQuality "1"]

1. d4 Nf6 2. c4 e6 3. g3 d5 4. Bg2 dxc4 5. Nf3 a6 6. 0-0 Nc6 7. e3 Bd7 8. Qe2 b5 9. b3 cxb3 10. axb3 Be7 11. Bb2 0-0 12. Rc1 Nb4 13. Ne5 Nfd5 14. Na3 Be8 15. Nc2 Nxc2 16. Qxc2 Ra7 17. Bc3 Nxc3 18. Qxc3 b4 19. Qb2 a5 20. Nc6 Bxc6 21. Bxc6 Qb8 22. Rc4 Ra6 23. Rac1 h6 24. h4 Qa7 25. e4 h5 26. e5 g6 27. Kg2 Kg7 28. Qc2 Rd8 29. Qe4 Rb6 30. Qf3 Rbb8 31. d5 Rf8 32. g4 a4 33. gxh5 axb3 34. Qxb3 Qa3 35. Qb1 Kh8 36. dxe6 Rbd8 37. Rd1 Rxd1 38. Qxd1 Qa7 39. Qd2 Kg7 40. exf7 gxh5 41. Bf3 Rxf7 42. Bxh5 Qa8+ 43. f3 b3 44. Rg4+ Kh8 45. Bxf7 Qa2 46. Qxa2 bxa2 47. Bxa2 Kh7 48. f4 Bb4 49. f5 Bc3 50. f6 Bxe5 51. Bb1+ Kh6 52. Rg6+ Kh5 53. f7 Bd6 54. Rxd6 cxd6 55. Kg3 d5 56. f8Q 1-0

[Event "BdF-Diamant 10 email"]
[Site "GER email"]
[Date "2019.06.19"]
[Round "?"]
[White "Naeter, Burkhard"]
[Black "Maetzig, Ralf"]
[Result "1/2-1/2"]
[WhiteElo "2307"]
[BlackElo "2311"]
[PlyCount "114"]
[EventDate "2019.??.??"]
[EventType "tourn (corr)"]
[EventRounds "10"]
[EventCountry "GER"]
[SourceTitle "Corr 2022"]
[Source "ChessBase"]
[SourceDate "2021.10.24"]
[SourceVersion "1"]
[SourceVersionDate "2021.10.24"]
[SourceQuality "1"]

1. d4 Nf6 2. c4 e6 3. g3 d5 4. Nf3 Bb4+ 5. Bd2 Be7 6. Bg2 0-0 7. 0-0 Nbd7 8. Qc2 c6 9. Bf4 b6 10. Rd1 Bb7 11. Ne5 Nh5 12. Bd2 Nhf6 13. cxd5 cxd5 14. Nc6 Qe8 15. Nxe7+ Qxe7 16. Nc3 Rfc8 17. Rac1 h6 18. Qb1 Ne8 19. b3 Nd6 20. Qd3 a5 21. Bf4 Ba6 22. Qe3 Nf5 23. Qd2 Nf6 24. Bh3 Qb7 25. Na4 Ne4 26. Qb2 Ne7 27. f3 Nf6 28. Bf1 Ng6 29. Be3 Ne7 30. Bf2 Nd7 31. g4 b5 32. Nc5 Nxc5 33. dxc5 b4 34. f4 Bb5 35. Bg2 Ra6 36. Bd4 f6 37. h3 Qb8 38. Qd2 e5 39. fxe5 fxe5 40. Bf2 e4 41. Rf1 Re6 42. Be3 Rd8 43. Bf4 Qa7 44. g5 h5 45. Kh1 Qb7 46. Bd6 Nc8 47. Bg3 Ne7 48. Qf4 Ng6 49. Qf2 d4 50. Rcd1 d3 51. exd3 Bxd3 52. Qf5 Qc8 53. Qf7+ Kh7 54. Rf6 Rxf6 55. gxf6 Rd7 56. Qe6 Rc7 57. Qb6 Rc6 1/2-1/2

[Event "GER-ch51 V03 email"]
[Site "GER email"]
[Date "2019.04.14"]
[Round "?"]
[White "Maetzig, Ralf"]
[Black "Frotscher, Thomas"]
[Result "1/2-1/2"]
[WhiteElo "2311"]
[BlackElo "2363"]
[PlyCount "60"]
[EventDate "2019.??.??"]
[EventType "tourn (corr)"]
[EventRounds "10"]
[EventCountry "GER"]
[SourceTitle "Corr 2022"]
[Source "ChessBase"]
[SourceDate "2021.10.24"]
[SourceVersion "1"]
[SourceVersionDate "2021.10.24"]
[SourceQuality "1"]

1. d4 Nf6 2. c4 e6 3. Nf3 b6 4. a3 Bb7 5. Nc3 d5 6. Bg5 Be7 7. Qa4+ c6 8. cxd5 Nxd5 9. Bxe7 Nxc3 10. bxc3 Qxe7 11. e4 0-0 12. Bd3 c5 13. 0-0 Qd7 14. Qc2 cxd4 15. cxd4 Nc6 16. d5 Na5 17. Rad1 Rac8 18. Qb1 Rc5 19. Rfe1 h6 20. dxe6 Qxe6 21. Nd4 Qe5 22. Bf1 Bc8 23. g3 Qe7 24. Qa1 g6 25. a4 Nc6 26. Nxc6 Rxc6 27. Qd4 Bg4 28. Be2 Be6 29. Bb5 Rc5 30. e5 Rfc8 1/2-1/2